000 002520000a22000970004500
100 1 _aGasc, Hugo
245 1 0 _aReencuentro con mi primera biblia
300 _aVol. 50, Núm 217 (1995), Páginas 25-31
773 0 _tLa Biblia de las Américas
942 _cANA
999 _c51378
_d51378